Arctic Monkeys Discography (Hard) - Statistics

General Stats
  • This quiz has been taken 80 times
  • The average score is 8 of 12
Answer Stats
Year Type Name % Correct
2009 Solo Album Humbug
94%
2007 Solo Album Favourite Worst Nightmare
91%
2013 Solo Album AM
90%
2011 Solo Album Suck It And See
90%
2022 Solo Album The Car
89%
2006 Solo Album Whatever People Say I Am, That's What I'm Not
89%
2018 Solo Album Tranquility Base Hotel & Casino
84%
2004 Demo Album Beneath The Boardwalk
59%
2006 EP Who The Fuck Are Arctic Monkeys?
51%
2020 Live Album Live at the Royal Albert Hall
47%
2008 Live Album At The Apollo
16%
2011 EP iTunes Festival: London 2011
6%
No matching quizzes found
Score Distribution
Percent of People with Each Score
Percentile by Number Answered
Your Score History
You have not taken this quiz